000 00687nam a2200253Ia 4500
008 181129s9999 xx 000 0 und d
020 _a9781454920762
050 _a616.8
050 _bG856 2016
100 _aGreenwood, david A.
245 0 _aOvercoming distractions :
245 0 _bthriving with adult AA/ADHD /
245 0 _cby David A. Greenwood.
260 _aNew York, NY :
260 _bSterling,
260 _c2016
300 _a180 pages :
300 _billustrations ;
300 _c22cm.
650 _aAttention-deficit hyperactivity disorder.
650 _aAttention-deficit-disordered adults.
650 _aDistraction (Psychology).
700 _aTitle.
999 _c360177
_d360177